000 02921nam0a2200505 4500
001 RU\NLR\bibl\1262746
005 20260407151327.0
010 _a978-5-93091-109-1
021 _aRU
_b2008-46764
_92584
035 _a(nilc)EL/0000197270
035 _aRU\LSL\TAT_B\2216
035 _aRU\LSL\Books\2526100
035 _a(NLR Aleph) 001248728
090 _a305271
_c305271
100 _a20080513d2008 |||y0rusy50 ca
101 1 _arus
_atat
_aeng
_cara
_deng
102 _aRU
105 _aa |||||||||
200 1 _aШакирджан Тагиров - педагог, просветитель, художник
_e[к 150-летию со дня рождения
_fИн-т яз., лит. и искусства им. Г. Ибрагимова
_gсост.: Тагиров В. Р., Султанова Р. Р.
_gпер.: С. М. Гилязутдинов и др.
_gредкол.: Миннуллин К. М., д.филол.н. и др.]
210 _aКазань
_cИЯЛИ
_d2008
215 _a67, [1] с.
_cил., цв. ил.
_d30
300 _aНа 4-й с. обл.: Шакирджан Ахмеджанович Тагиров (Тагири)
300 _aТекст на рус., тат., англ. яз.
300 _aИзд. на средства, выделен. на реализацию Закона Респ. Татарстан "О гос. яз. РТ и др. яз. в РТ"
320 _aБиблиогр.: с. 64-65 (40 назв.) и в примеч.: с. 58-62
320 _aСочинения Ш. А. Тагирова: с. 63
327 0 _aВ кн. также: Касида'и бурда (Ода о плаще Мухаммеда) / Мухаммед аль-Бусири
600 1 _aТагиров
_bШ.А.
_f1958 - 1918
_gШакирджан Ахмеджанович
_92557882
_3RU\NLR\auth\661513238
686 _aЧ33(2Рос=Тата){5},2Тагиров Ш.
_vLBC/SL
_2rubbk
686 _a14.09
_2rugasnti
686 _aЧ33(2Р-6Т)5-8Тагиров
686 _aЩ153(2Р=Тат)53-8Тагиров
702 1 _4570
_8rus
_7ca
_aТагиров
_bШ. А.
_f1858-1918
_gШакирджан Ахмеджанович
_3RU\NLR\auth\7777975
_960903
702 1 _4220
_8rus
_7ca
_aТагиров
_bВ. Р.
_f1952-
_gВартан Ривгатович
_3RU\NLR\auth\7777980
_960908
702 1 _4340
_7ca
_8rus
_aМиннуллин
_bК. М.
_cд-р филол. наук
_f1959-
_gКим Мугаллимович
_9244254
_3RU\NLR\AUTH\770244310
712 0 2 _4570
_aИнститут языка, литературы и искусства им. Г. Ибрагимова
_cКазань
_3RU\NLR\AUTH\8810026808
_9551786
801 0 _aRU
_bНБ Казанского ГУ
_c20080513
_gRCR
801 1 _aRU
_bНБ Казанского ГУ
_c20080604
_gRCR
801 2 _aRU
_bNLR
_c20080818
_grcr
852 _aNLR
_bОНЛ
_jТатар./5-489
942 _cBOOK
980 _aNB
980 _aNBR